| 000 | 00481nam a2200121Ia 4500 | ||
|---|---|---|---|
| 008 | 220620s9999||||xx |||||||||||||| ||und|| | ||
| 100 | _aMarwa El-Azazy | ||
| 245 | 0 | _aInfrared Spectroscopy - Principles, Advances, and Applications | |
| 546 | _aEnglish[eng] | ||
| 650 | _aSpectroscopy||Physical Sciences||Engineering and Technology||Chemistry||Physical Chemistry | ||
| 856 | _uhttps://www.intechopen.com/books/infrared-spectroscopy-principles-advances-and-applications | ||
| 942 | _cEB | ||
| 999 |
_c25924 _d25924 |
||